Statistiques concernant Pays ayant le plus d'Hindous

Cliquez ici pour prendre le quiz!

Statistiques générales

  • Ce quiz a été pris 4 932 fois
  • Le résultat moyen est 8 sur 10

Statistiques - réponses

HindousPays% Correct
1 040 000 000Inde
100%
3 630 000Pakistan
92%
23 500 000Népal
86%
13 600 000Bangladesh
86%
2 670 000Sri Lanka
79%
10 000 000Indonésie
77%
893 000Birmanie
76%
2 230 000Etats-Unis
65%
1 950 000Malaisie
64%
832 000Royaume-Uni
55%

Distribution des résultats

Percentile par nombre de réponses

% des personnes avec chaque résultat

Votre développement - résultats

Vous n’avez pas pris ce quiz